| 000 | 01316nam a22003255i 4500 | ||
|---|---|---|---|
| 001 | 165052 | ||
| 003 | ES-MaACL | ||
| 005 | 20250824052200.0 | ||
| 008 | 050809s1877 fr | |||||||| ||fre d | ||
| 040 |
_aCAM _bspa _cCAM |
||
| 100 | 1 |
_aScribe, Eugène. _9104966 |
|
| 245 | 1 | 2 |
_aL'Ecarté _b: ; Le bon Papa ; La loge du portier ; L'Intérieur d'un bureau ; Trilby ; Le plan de campagne ; Le menteur véridique ; La pension bourgeoise / _cEugène Scribe. |
| 260 |
_aParis : _bE. Dentu, libraire-éditeur, _c1877 ( _fImpr. Paul Dupont) |
||
| 300 |
_a341, [2] p. ; _c18 cm. |
||
| 490 | 1 |
_aOeuvres complètes de Eugène Scribe ; _v19. _aSecondième série : comédies, vaudevilles. 10 |
|
| 655 | 0 |
_aTeatro _9234794 |
|
| 700 | 1 |
_aDentu, E., _eed. _9230064 |
|
| 700 | 1 |
_aDupont, Paul, _eimp. _946109 |
|
| 740 | 3 | _aLe bon Papa. | |
| 740 | 3 | _aLa loge du portier. | |
| 740 | 2 | _aL'Intérieur d'un bureau. | |
| 740 | 0 | _aTrilby. | |
| 740 | 3 | _aLe plan de campagne. | |
| 740 | 3 | _aLa pension bourgeoise. | |
| 740 | 3 | _aLe menteur véridique. | |
| 752 |
_aFrancia - _dParís |
||
| 830 | 0 |
_aOeuvres complètes de Eugène Scribe ; _v19. _aSecondième série : comédies, vaudevilles. 10 _9222419 |
|
| 852 |
_aES-MaACL _jC-18557 _z-- Enc. hol., conservando la cub. original |
||
| 999 |
_c165052 _d165052 |
||